| 000 | 00744nam a2200205 4500 | ||
|---|---|---|---|
| 001 | 83185 | ||
| 003 | BD-RjUL | ||
| 005 | 20240229105852.0 | ||
| 008 | 240229s1975 pk ||||| |||| 00| p urd d | ||
| 035 | _a(BD-RjUL) 83185 | ||
| 040 |
_aBD-RjUL _beng _cBD-RjUL |
||
| 041 | _aurd | ||
| 082 |
_223 _a891.43909 _bJAU 1975 |
||
| 100 |
_aجاگیردار, أحمد عبد الرحيم ;; Jagirdar, Ahmed Abdul Rahim _911973 |
||
| 245 | 1 | 0 |
_a اردو نثر کا دہلوی دبستان ;; Urdu nasar ka dahlawi dabastan / _cاحمد عبد الرحيم جاگیردار ;; Ahmed Abdul Rahim Jagirdar |
| 260 |
_aHydarabad : _bSalimer pub. , _c1975 |
||
| 300 |
_a677 p. ; _c18 cm |
||
| 650 |
_aUrdu Literature _vhistory and criticism |
||
| 942 |
_2ddc _cBK |
||
| 999 |
_c83185 _d83185 |
||